Normal view
MARC view
- MECHANICAL ENGINEERING DESIGN.SHIGLEY MECHANICAL ENGINEERING DESIGN
Entry Topical Term
001 - CONTROL NUMBER
- control field: 68246
003 - CONTROL NUMBER IDENTIFIER
- control field: NUST
005 - DATE AND TIME OF LATEST TRANSACTION
- control field: 20210628204018.0
008 - FIXED-LENGTH DATA ELEMENTS
- fixed length control field: 210628|| aca||aabn | a|a d
040 ## - CATALOGING SOURCE
- Original cataloging agency: NUST
- Transcribing agency: NUST
150 ## - HEADING--TOPICAL TERM
- Topical term or geographic name entry element: MECHANICAL ENGINEERING DESIGN.SHIGLEY MECHANICAL ENGINEERING DESIGN
670 ## - SOURCE DATA FOUND
- Source citation: Work cat.: (NUST): Budynas, Richard.G , Nisbett, J. Keith 68245, Shigley's mechanical engineering design , si units, 2011
